| 000 | 01035 a2200229 4500 | ||
|---|---|---|---|
| 001 | 47332 | ||
| 005 | 20260407155741.0 | ||
| 008 | 260407a2001 arg spa d | ||
| 003 | AR-UNSa-BCEJYS | ||
| 040 |
_aAR-UNSa-BCEJYS _bspa _cAR-UNSa-BCEJYS |
||
| 080 |
_a330.342.14 _xEconomía capitalista |
||
| 245 | 1 | 0 | _awww.capitalismo.net |
| 020 | _a950-12-6521-8 | ||
| 264 | 1 |
_aBuenos Aires : _bPaidós _c2001 |
|
| 300 |
_a231 p. _c21 cm. |
||
| 505 | _a1. Concordancia de los tiempos - 2. El capitalismo patrimonial - 3. La nueva "Santísima Trinidad" - 4. La nueva economía: ¿mito o realidad? - 5. ¿Dictadura de los mercados o democracia capitalista? - 6. Capital y trabajo: ayer enemigos, ¿aliados mañana? - 7. ¿Economía de mercado o sociedad de mercado? - 8. ¿Modelo único o pluralidad de modelos?. | ||
| 942 | _cBK | ||
| 590 | _aniveau_biblio:m niveau_hierar:0 | ||
| 100 | 1 | _aBixio, Alcira | |
| 700 | 1 | _aMinc, Alain | |
| 856 | 4 | 1 |
_uhttps://www.biblioeco.unsa.edu.ar/pmb/images/libros/L127477.jpg _yImagen de portada _qimage/jpeg |
| 999 |
_c4342 _d4342 |
||